Guía de la democracia directa en Suiza y más allá
Gorde:
| Egile Nagusiak: | , , |
|---|---|
| Formatua: | Liburua |
| Hizkuntza: | gaztelania |
| Argitaratua: |
Berna
Instituto para la Iniciativa y el Referéndum Europa
2007
|
| Gaiak: | |
| Etiketak: |
Etiketa erantsi
Etiketarik gabe, Izan zaitez lehena erregistro honi etiketa jartzen!
|
MARC
| LEADER | 00000nam a2200000 a 4500 | ||
|---|---|---|---|
| 001 | UCI6977 | ||
| 003 | CL-VaPUC | ||
| 008 | 080605e20070000SZ |||||||||||||||||spa|d | ||
| 020 | |a 9783000209604 | ||
| 082 | 0 | 4 | |a 321.8 |b KAU |2 21 |
| 100 | 0 | |a Kaufmann, Bruno |e author |9 530095 | |
| 700 | 0 | |a Büchi, Rolf |e author |9 530096 | |
| 700 | 0 | |a Braun, Nadja |e author |9 530097 | |
| 245 | 1 | 0 | |a Guía de la democracia directa en Suiza y más allá |
| 300 | |a 253 p | ||
| 942 | |c BK | ||
| 945 | |d 20080605 00:00:00 |a rbrito | ||
| 260 | |a Berna |b Instituto para la Iniciativa y el Referéndum Europa |c 2007 | ||
| 650 | 0 | |a Democracia |9 255256 | |
| 650 | 0 | |a Votación |9 376129 | |
| 650 | 7 | |a SISTEMA POLITICO |2 CL-VaPUC |9 373559 | |
| 650 | 0 | |a Política |9 255312 | |
| 651 | 0 | |a Suiza |9 256768 | |
| 583 | |a last modification |c 20080605 00:00:00 |k Rodrigo Vera | ||
| 999 | |c 330408 |d 330406 | ||
| 952 | |0 0 |1 0 |4 0 |6 321_800000000000000_KAU_2007 |7 0 |8 A |9 415932 |a BIBHIS |b BIBHIS |d 2019-11-22 |i 4445481 |o 321.8 KAU 2007 |p 4445481 |r 2025-01-20 |w 2019-11-22 |y BK |k HIS | ||